Portable RN : (Record no. 28114)
[ view plain ]
| 000 -LEADER | |
|---|---|
| fixed length control field | 03038cam a22003375i 4500 |
| 001 - CONTROL NUMBER | |
| control field | 019577433 |
| 003 - CONTROL NUMBER IDENTIFIER | |
| control field | EG-ScBUE |
| 005 - DATE AND TIME OF LATEST TRANSACTION | |
| control field | 20200216113355.0 |
| 008 - FIXED-LENGTH DATA ELEMENTS--GENERAL INFORMATION | |
| fixed length control field | 191009t20202020paua f 001 0 eng d |
| 020 ## - INTERNATIONAL STANDARD BOOK NUMBER | |
| Cancelled/invalid ISBN | 9781975120771 (pbk.) |
| 020 ## - INTERNATIONAL STANDARD BOOK NUMBER | |
| Cancelled/invalid ISBN | 1975120779 (pbk.) |
| 040 ## - CATALOGING SOURCE | |
| Original cataloging agency | StDuBDS |
| Language of cataloging | eng |
| Description conventions | rda |
| Transcribing agency | StDuBDS |
| Modifying agency | EG-ScBUE |
| 082 04 - DEWEY DECIMAL CLASSIFICATION NUMBER | |
| Classification number | 610.73 |
| Item number | POR |
| Edition number | 22 |
| 245 00 - TITLE STATEMENT | |
| Title | Portable RN : |
| Remainder of title | the all-in-one nursing reference / |
| Statement of responsibility, etc | clinical editor, Denise Linton, Associate Professor, Dudley Joseph plaisance, Sr. Borsf Professorship in Nursing, University of Louisiana at Lafayette, College Of Nursing and Allied Health Professions, Lafayette, Louisiana. |
| 250 ## - EDITION STATEMENT | |
| Edition statement | Fifth edition. |
| 264 #1 - PUBLICATION, DISTRIBUTION, ETC. (IMPRINT) | |
| Place of publication, distribution, etc | Philadelphia, PN. : |
| Name of publisher, distributor, etc | Wolters Kluwer / Lippincott Williams & Wilkins |
| Date of publication, distribution, etc | [2020] |
| 264 #4 - PUBLICATION, DISTRIBUTION, ETC. (IMPRINT) | |
| Date of publication, distribution, etc | c2020 |
| 300 ## - PHYSICAL DESCRIPTION | |
| Extent | xi, 729 pages : |
| Other physical details | illustrations ; |
| Dimensions | 22 cm |
| 336 ## - CONTENT TYPE | |
| Content type term | text |
| Content type code | txt |
| Source | rdacontent |
| 337 ## - MEDIA TYPE | |
| Media type term | unmediated |
| Media type code | n |
| Source | rdamedia |
| 338 ## - CARRIER TYPE | |
| Carrier type term | volume |
| Carrier type code | nc |
| Source | rdacarrier |
| 500 ## - GENERAL NOTE | |
| General note | Includes index. |
| 505 0# - FORMATTED CONTENTS NOTE | |
| Formatted contents note | Assessment: reviewing the techniques / Leslie MacTaggart Myers --<br/>Assessment findings: distinguishing health from disease / Denise Linton --<br/>ECGs: interpreting them with ease and accuracy / Andrea Barnes Grant --<br/>Common laboratory tests: giving care and interpreting results / Paula Gray --<br/>Common disorders: treating and preventing diseases / Phyllis Adams --<br/>Common procedures: performing them safely and accurately / Denise Linton --<br/>Surgical patient care: reviewing the techniques / Marjorie Marie Grinam --<br/>Pain management: assessing pain and using medications / Ashley H. Lee --<br/>Pressure ulcers and traumatic wound care: preventing, staging, and treating wounds / Theresa Gunter Lawson --<br/>Precautions: preventing the spread of infection / Arlene McEachron --<br/>Troubleshooting: spotting and correcting equipment problems / Marjorie Marie Grinam --<br/>Drug administration: reviewing the methods / Ebony Watson --<br/>Dosage calculation: ensuring effective therapy / Denise Linton --<br/>Drug hazards: recognizing and responding to them / Sheryl Mitchell --<br/>Complications: spotting and correcting life-threatening conditions / Denise Linton --<br/>End-of-life care: caring for the dying patient and the family / Theresa Gunter Lawson --<br/>Documentation systems: completing forms fully and concisely / Denise Linton. |
| 520 ## - SUMMARY, ETC. | |
| Summary, etc | The "Portable RN: The All-in-One Nursing Reference" is a convenient quick-reference to help nurses of all experience levels address a wide variety of patients in multiple practice settings. The book focuses on what you'll encounter in daily practice, and with information presented in a concise and to-the-point style, you and your colleagues stay up-to-date on constantly changing therapies, procedures, and other clinical activities. -- From publisher's description. |
| 650 #7 - SUBJECT ADDED ENTRY--TOPICAL TERM | |
| Topical term or geographic name as entry element | Nursing. |
| Source of heading or term | BUEsh |
| 653 ## - INDEX TERM--UNCONTROLLED | |
| Resource For college | Nursing |
| Arrived date list | February2020 |
| 700 1# - ADDED ENTRY--PERSONAL NAME | |
| Personal name | Linton, Denise, |
| Relator term | editor. |
| 9 (RLIN) | 36116 |
| 856 40 - ELECTRONIC LOCATION AND ACCESS | |
| Materials specified | Activate your E-book |
| Uniform Resource Identifier | <a href="https://medicine.lww.com/activate">https://medicine.lww.com/activate</a> |
| 942 ## - ADDED ENTRY ELEMENTS (KOHA) | |
| Source of classification or shelving scheme | Dewey Decimal Classification |
| Koha item type | Book - Borrowing |
| Withdrawn status | Lost status | Source of classification or shelving scheme | Damaged status | Not for loan | Collection code | Home library | Current library | Shelving location | Date acquired | Source of acquisition | Cost, normal purchase price | Serial Enumeration / chronology | Total Checkouts | Full call number | Barcode | Date last seen | Cost, replacement price | Price effective from | Koha item type |
|---|---|---|---|---|---|---|---|---|---|---|---|---|---|---|---|---|---|---|---|
| Dewey Decimal Classification | Alahram | Central Library | Central Library | First floor | 16/02/2020 | Purchase | 675.00 | 542 | 610.73 POR | 000048639 | 15/07/2025 | 843.75 | 16/02/2020 | Reference (NB) |